000
00232 a2200097 4500
001
47804
100
_a
Deutsch K
245
_a
Science and the creative spirit
260
_a
Toronto
_b
University of Toronto
_c
090
_c
30806
_d
30806
942
_a
NUST-CAE
_c
M
_c
23121
999
_c
282877
_d
282877